تنمية الموارد البشرية / (رقم التسجيلة. 33237)
[ عرض عادي ]
| 000 -الفاتح | |
|---|---|
| حقل البيانات ثابتة الطول | 00783nam a22002177a 4500 |
| 003 - محدد رقم الضبط | |
| رقم الضبط | OSt |
| 005 - وقت وتاريخ اخر تعامل مع التسجيلة | |
| رقم الضبط | 20150408114204.0 |
| 008 - عناصر البيانات ثابتة الطول - معلومات عامة | |
| حقل البيانات ثابتة الطول | 140113s 2009jo ||||| |||| 00| 0 ara d |
| 020 ## - الرقم الدولى المعيارى للكتب | |
| الرقم الدولى المعيارى للكتاب | 9789957701116 |
| 040 ## - مصدر الفهرسة | |
| وكالة الفهرسة الأصلية | ma-un |
| 082 ## - رقم تصنيف ديوى العشرى | |
| رقم الطبعة | 21 |
| رقم التصنيف | 658.4012 |
| رقم المادة | ظ ن ت |
| 100 ## - المدخل الرئيسى - إسم شخصى | |
| الإسم الشخصى | الظاهر، نعيم إبراهيم |
| 245 ## - بيان العنوان | |
| العنوان | تنمية الموارد البشرية / |
| بيان المسئوليه,etc | نعيم إبراهيم الظاهر |
| 250 ## - بيان الطبعة | |
| بيان الطبعة | ط. 1 |
| 260 ## - PUBLICATION, DISTRIBUTION, ETC. (IMPRINT) | |
| مكان الناشر او الموزع | إربد، الأردن : |
| اسم الناشر او الموزع | عالم الكتب الحديث للنشر والتوزيع ، |
| تاريخ النشر أو التوزيع | 2009 |
| 300 ## - الوصف المادى | |
| التعداد | 343ص ؛ |
| أبعاد الوعاء | 24 سم . |
| 650 ## - المدخل الاضافى بالموضوع-مصطلح موضوعى | |
| مصطلح موضوعي أو اسم جغرافي كعنصر مدخل | الإدارة الاستراتيجية |
| 9 (RLIN) | 42288 |
| 650 ## - المدخل الاضافى بالموضوع-مصطلح موضوعى | |
| مصطلح موضوعي أو اسم جغرافي كعنصر مدخل | إدارة الأفراد |
| التقسيم الفرعي العام | تخطيط |
| 9 (RLIN) | 42289 |
| 650 ## - المدخل الاضافى بالموضوع-مصطلح موضوعى | |
| مصطلح موضوعي أو اسم جغرافي كعنصر مدخل | القوى العاملة |
| التقسيم الفرعي العام | تخطيط |
| 9 (RLIN) | 12983 |
| 942 ## - عناصر المدخل الإضافي( كوها) | |
| مصدر التصنيف او مخطط الترفيف | Dewey Decimal Classification |
| Koha [default] item type | كتاب |
| حالة الفقد | نموذج السعر الفعال | حالة تلف | ليس للاعارة | رقم الطلب | تاريخ الاكتساب | الموقع الحالي | الباركود | الفرع الرئيسي | Date last checked out | Date last seen | نوع المادة فى نظام كوها | مصدر التصنيف او خطة الترفيف | Total Checkouts |
|---|---|---|---|---|---|---|---|---|---|---|---|---|---|
| 2014-01-13 | 658.4012 ظ ن ت | 2014-01-13 | المكتبة المركزية بالمجمعة (CL) | 00602161 | المكتبة المركزية بالمجمعة (CL) | 2015-09-15 | 2016-03-06 | كتاب | Dewey Decimal Classification | 1 | |||
| 2014-01-13 | 658.4012 ظ ن ت | 2014-01-13 | المكتبة المركزية بالمجمعة (CL) | 00602168 | المكتبة المركزية بالمجمعة (CL) | 2014-01-13 | كتاب | Dewey Decimal Classification | |||||
| 2014-01-13 | 658.4012 ظ ن ت | 2014-01-13 | المكتبة المركزية بالمجمعة (CL) | 00602169 | المكتبة المركزية بالمجمعة (CL) | 2025-04-22 | 2025-04-24 | كتاب | Dewey Decimal Classification | 3 | |||
| 2014-01-13 | 658.4012 ظ ن ت | 2014-01-13 | قسم الاجراءات الفنية (IC) | 00602165 | قسم الاجراءات الفنية (IC) | 2019-09-19 | 2022-04-21 | كتاب | Dewey Decimal Classification | 2 | |||
| 2014-01-13 | 658.4012 ظ ن ت | 2014-01-13 | قسم الاجراءات الفنية (IC) | 00602166 | قسم الاجراءات الفنية (IC) | 2016-09-20 | 2016-09-20 | كتاب | Dewey Decimal Classification | 1 | |||
| 2014-01-13 | 658.4012 ظ ن ت | 2014-01-13 | قسم الاجراءات الفنية (IC) | 00602162 | قسم الاجراءات الفنية (IC) | 2016-03-31 | 2016-09-18 | كتاب | Dewey Decimal Classification | 1 | |||
| 2014-01-13 | 658.4012 ظ ن ت | 2014-01-13 | مكتبة كلية العلوم و الدراسات الإنسانية برماح - طالبات (SRF) | 00602163 | مكتبة كلية العلوم و الدراسات الإنسانية برماح - طالبات (SRF) | 2014-01-13 | كتاب | Dewey Decimal Classification | |||||
| 2014-01-13 | 658.4012 ظ ن ت | 2014-01-13 | مكتبة كلية العلوم و الدراسات الإنسانية برماح - طالبات (SRF) | 00602164 | مكتبة كلية العلوم و الدراسات الإنسانية برماح - طالبات (SRF) | 2014-01-13 | كتاب | Dewey Decimal Classification | |||||
| 2014-01-13 | 658.4012 ظ ن ت | 2014-01-13 | مكتبة مجمع الكليات بالزلفى - طلاب (SZM) | 00602167 | مكتبة مجمع الكليات بالزلفى - طلاب (SZM) | 2014-01-13 | كتاب | Dewey Decimal Classification | |||||
| 2014-01-13 | 658.4012 ظ ن ت | 2014-01-13 | مكتبة مجمع الكليات بالزلفى - طلاب (SZM) | 00602170 | مكتبة مجمع الكليات بالزلفى - طلاب (SZM) | 2014-01-13 | كتاب | Dewey Decimal Classification |
